000 01073nam a2200229Ia 4500
003 Ost
005 20260507075309.0
008 260507s9999||||xx |||||||||||||| ||und||
020 _a3054529957
040 _cfsecg
041 _aara
082 _a330
100 _aشقر، عامر
_eمؤلف
245 0 _aمبادئ المحاسبة :
_bالجزء الثاني /
_c عامر شقر
260 _aعمان:
_bدار البداية ناشرون,
_c2005
300 _a255 صفحة؛
_bإيضاحات ؛
_c24 سم
520 _aالجرد و جرد الأصول الثابتة ، جرد الاصول المتداولة ، جرد الحسابات الوهمية ، جرد الخصوم المتداولة ، أثر التسويات الجردية على قائمة الدخل لاو المركز المالي ، الدفاتر المساعدة و الطرق المحاسبية و الحسابات المالية .
653 _aالمحاسبة
653 _aتدقيق الحسابات
700 _aالشنطي، ايمن
_eمؤلف ثانوي
942 _cكتاب
999 _c43844
_d43844